| 000 | 00956nam a2200265Ia 4500 | ||
|---|---|---|---|
| 005 | 20220317000144.0 | ||
| 008 | 141031s2006 sp a g 000 0 spa | ||
| 020 | _a9788497841368 | ||
| 082 | 0 | 4 |
_a510 _bR21p |
| 100 | 1 |
_aRecamán Santos, Bernardo _d1954- |
|
| 245 | 1 | 3 |
_aEl palacio de los precisos cristales _bdivertimentos matemáticos _cBernardo Recamán Santos |
| 250 | _aPrimera edición | ||
| 300 |
_a124 páginas _bilustraciones y diagramas en blanco y negro _c23 cm |
||
| 505 | _aAcertijos lógicos -- Acertijos algebraicos -- Miscelánea | ||
| 650 | 1 | 4 |
_2LEMB _aCiencia recreativa |
| 650 | 1 | 4 |
_2LEMB _aJuegos de estrategia (Matemáticas) |
| 650 | 1 | 4 |
_2LEMB _aLógica matemática |
| 650 | 1 | 4 |
_2LEMB _aMatemáticas recreativas |
| 942 |
_2ddc _cBK |
||
| 264 |
_aBarcelona _bGedisa _c2006 |
||
| 336 |
_atexto _btxt _2rdacontent |
||
| 337 |
_asin mediación _bn _2rdamedia |
||
| 338 |
_avolumen _bnc _2rdacarrier |
||
| 040 |
_aCO-BoRNBP _bspa _erda _cCO-BoRNBP |
||
| 999 |
_c3253 _d3253 |
||